1919 1352 1312 1118 1685 1773 1230 1676 1060 1899 1950 1180 1321 1624 1102 1982 1051 1887 1753 1626 1093 1960 1157 1652 1076 1621 1824 1829 1284 1013 1224 1408 1329 1640 1299 1519 1666 1717 1112 1041 1920 1214 1464 1887 1496 1135 1896 1997 1839 1307 1903 1531 1304 1391 1616 1606 1095 1277 1865 1308 1064 1081 1988 1185 1714 1965 1317 1184 1743 1038 1008 1893 1466 1664 1334 1690 1415 1358 1849 1229 1034 1178 1689 1974 1939 1789 1658 1049 1852 1453 1685 1583 1915 1504 1483 1326 1927 1870 1867 BCNSPRNW ULIB Ver.6.0+V

เปลี่ยนเป็นภาษาไทย

Change to English
 แสดงรายละเอียดบรรณานุกรม
  กลับหน้าหลัก

Brief Record : Get Marc (ISO 2709) : E-mail record : QR code < ปิดหน้าต่าง
LEADER : 00000nam 2200000uu 4500
001    13399128722
003     ULIB
008    240814s2566||||th 000 0 tha d
020    ^a9786164262980
060 04 ^aWQ450^bก446
245 00 ^aการช่วยกู้ชีพในเด็กและทารกแรกเกิด(ฉบับปรับปรุง) =^bPediatric and neonatalresuscitation /^cวรวรรณ จิตต์ธรรม, บรรณาธิการ
246 31 ^aPediatric and neonatal resuscitation
250    ^aพิมพ์ครั้งที่ 3
260    ^aพิษณุโลก :^bสำนักพิมพ์มหาวิทยาลัยนเรศวร,^c2566
300    ^a312 หน้า :^bภาพประกอบ ;^c26 ซม.
650  4 ^aการช่วยให้ฟื้น
650  4 ^aทารกแรกเกิด, โรค
700 0  ^aวรวรรณ จิตต์ธรรม,^eบรรณาธิการ
945    ^p450^l0^i010362
945    ^p450^l0^i010363
945    ^p450^l0^i010364
945    ^p450^l0^i010365
945    ^p450^l0^i010366
945    ^p450^l0^i010367
945    ^p450^l0^i010368
999    ^aประนอม เกษจรัล
รายการนี้ยังไม่มีแท็ก
คุณยังไม่ได้ล็อกอิน คุณสามารถมีกิจกรรมร่วมกับเว็บไซต์ได้ แต่ต้องล็อกอินก่อน ::
  ล็อกอิน

รายการสื่อสารสนเทศ

ลำดับที่ ประเภท เลขเรียก/บาร์โค้ด สถานที่ สถานะ
1. วิทยาศาสตร์การแพทย์ และสุขภาพ
หนังสือสำรอง
สถานะ=หนังสือสำรอง
WQ450 ก446 ฉ.1 
  Barcode: 010362
ห้องสมุดวิทยาเขตสวรรค์ประชารักษ์
►หนังสือทั่วไป
บนชั้น
2. วิทยาศาสตร์การแพทย์ และสุขภาพ
วิทยาศาสตร์การแพทย์ และสุขภาพ
WQ450 ก446 ฉ.2 
  Barcode: 010363
ห้องสมุดวิทยาเขตสวรรค์ประชารักษ์
►หนังสือทั่วไป
บนชั้น
3. วิทยาศาสตร์การแพทย์ และสุขภาพ
วิทยาศาสตร์การแพทย์ และสุขภาพ
WQ450 ก446 ฉ.3 
  Barcode: 010364
ห้องสมุดวิทยาเขตสวรรค์ประชารักษ์
►หนังสือทั่วไป
บนชั้น
4. วิทยาศาสตร์การแพทย์ และสุขภาพ
วิทยาศาสตร์การแพทย์ และสุขภาพ
WQ450 ก446 ฉ.4 
  Barcode: 010365
ห้องสมุดวิทยาเขตสวรรค์ประชารักษ์
►หนังสือทั่วไป
บนชั้น
5. วิทยาศาสตร์การแพทย์ และสุขภาพ
วิทยาศาสตร์การแพทย์ และสุขภาพ
WQ450 ก446 ฉ.5 
  Barcode: 010366
ห้องสมุดวิทยาเขตสวรรค์ประชารักษ์
►หนังสือทั่วไป
บนชั้น
6. วิทยาศาสตร์การแพทย์ และสุขภาพ
วิทยาศาสตร์การแพทย์ และสุขภาพ
WQ450 ก446 ฉ.6 
  Barcode: 010367
ห้องสมุดวิทยาเขตสวรรค์ประชารักษ์
►หนังสือทั่วไป
บนชั้น
7. วิทยาศาสตร์การแพทย์ และสุขภาพ
วิทยาศาสตร์การแพทย์ และสุขภาพ
WQ450 ก446 ฉ.7 
  Barcode: 010368
ห้องสมุดวิทยาเขตสวรรค์ประชารักษ์
►หนังสือทั่วไป
บนชั้น

รายการใกล้เคียง
    หัวเรื่อง [การช่วยให้ฟื้น]
    หัวเรื่อง [ทารกแรกเกิด, โรค]

BibComment


ยังไม่เคยถูกคอมเมนท์

คอมเมนท์ทรัพยากรรายการนี้
  คอมเมนท์: การช่วยกู้ชีพในเ..


 Copyright 2026. Bcnsprnw @Library